Význam výberu vhodnej hudby do prevádzok maloobchodu a služieb

Tvorba zásad výberu vhodnej hudby do prevádzok maloobchodu a služieb pri zohľadnení charakteru prevádzky, segmentov klientely ako aj alokácie prevádzky, vzhľadom na skutočnosť, že majitelia prevádzok neraz dosť necitlivo volia hudbu, ktorá má v priestoroch prevádzky vytvárať pre zákazníkov príjemnú...

Descripción completa

Guardado en:
Detalles Bibliográficos
Autor principal: Litomerický, Juraj
Formato: Capítulo de libro
Lenguaje:eslovaco
Materias:
Etiquetas: Agregar Etiqueta
Sin Etiquetas, Sea el primero en etiquetar este registro!

MARC

LEADER 00000naa a2200000 4500
001 0250538
005 20240502074021.6
041 0 |a slo 
044 |a SK 
245 1 0 |a Význam výberu vhodnej hudby do prevádzok maloobchodu a služieb  |c Juraj Litomerický 
520 |a Tvorba zásad výberu vhodnej hudby do prevádzok maloobchodu a služieb pri zohľadnení charakteru prevádzky, segmentov klientely ako aj alokácie prevádzky, vzhľadom na skutočnosť, že majitelia prevádzok neraz dosť necitlivo volia hudbu, ktorá má v priestoroch prevádzky vytvárať pre zákazníkov príjemnú atmosféru. Návod, podľa akých kritérií je možné pri výbere vhodnej hudby postupovať. 
610 2 0 |a maloobchod 
610 2 0 |a prevádzky 
610 2 0 |a služby obchodné 
610 2 0 |a hudba 
610 2 0 |a zákazníci 
100 1 |a Litomerický, Juraj